Corporate Consolidation and their effect on SMEs in the US

Bibliographic Details
Main Author: Csapó István
Other Authors: Vásáry Dr. habil Viktória
Format: Thesis
Kulcsszavak:Kis- és középvállalkozások
Marketing
Piaci bevezetés
Esettanulmány
Amerikai Egyesült Államok
Online Access:http://dolgozattar.uni-bge.hu/15948

MARC

LEADER 00000nta a2200000 i 4500
001 dolg15948
005 20200506063259.0
008 180509suuuu hu om 000 eng d
040 |a BGE Dolgozattár Repozitórium  |b hun 
041 |a en 
100 1 |a Csapó István 
245 1 0 |a Corporate Consolidation and their effect on SMEs in the US  |c Csapó István  |h [elektronikus dokumentum] 
246 1 1 |a Vállalkozások összeolvadása és ezek kisvállalkozásokra gyakorolt hatása az Amerikai Egyesült Államokban 
695 |a Kis- és középvállalkozások 
695 |a Marketing 
695 |a Piaci bevezetés 
695 |a Esettanulmány 
695 |a Amerikai Egyesült Államok 
700 1 |a Vásáry Dr. habil Viktória  |e ths 
856 4 0 |u http://dolgozattar.uni-bge.hu/15948/1/Corporate%20Consolidation%20and%20their%20effect%20on%20SMEs%20in%20the%20US.pdf  |z Dokumentum-elérés